MARC details
| 000 -CABECERA |
| campo de control de longitud fija |
01164nam a2200217 a 4500 |
| 005 - FECHA Y HORA DE LA ÚLTIMA TRANSACCIÓN |
| campo de control |
20210219160103.0 |
| 008 - ELEMENTOS DE LONGITUD FIJA--INFORMACIÓN GENERAL |
| campo de control de longitud fija |
080728s1982 mx r 000 0 spa d |
| 035 ## - NÚMERO DE CONTROL DEL SISTEMA |
| Número de control de sistema |
UPN01000158328 |
| 049 ## - COLECCIÓN |
| Colección |
UNE |
| 080 ## - NÚMERO DE CLASIFICACIÓN DECIMAL UNIVERSAL |
| Número de la Clasificación Decimal Universal |
371.13: 376.6/.7 (7/8) BAC. |
| 100 1# - ASIENTO PRINCIPAL--NOMBRE PERSONAL |
| Nombre de persona |
Bacal R., Azril |
| 245 10 - MENCIÓN DE TÍTULO |
| Título |
Capacitación de educadores para áreas marginales. II : |
| Resto del título |
Desafíos en la capacitación de educadores en el medio rural / |
| Mención de responsabilidad, etc. |
Azril Bacal R. |
| 260 ## - PUBLICACIÓN, DISTRIBUCIÓN, ETC. |
| Lugar de publicación, distribución, etc. |
Santiago de Chile : |
| Nombre del editor, distribuidor, etc. |
Oficina Regional de Educación de la UNESCO para América Latina y el Caribe, |
| Fecha de publicación, distribución, etc. |
1982. |
| 300 ## - DESCRIPCIÓN FÍSICA |
| Extensión |
84 p. : |
| Otras características físicas |
fot. |
| 500 ## - NOTA GENERAL |
| Nota general |
Seminario Taller Subregional sobre Innovaciones en la Formación y Perfeccionamiento de Educadores en el marco de los Objetivos del Proyecto Principal de educación en América Latina y el Caribe, Bogotá (Colombia)/ 1981. |
| 690 ## - PUNTO DE ACCESO ADICIONAL DE MATERIA LOCAL--TÉRMINO DE MATERIA (OCLC, RLIN) |
| Término de materia o nombre geográfico como elemento inicial |
Formación de docentes - Desarrollo rural- América Latina |
| 690 ## - PUNTO DE ACCESO ADICIONAL DE MATERIA LOCAL--TÉRMINO DE MATERIA (OCLC, RLIN) |
| Término de materia o nombre geográfico como elemento inicial |
Desarrollo rural - Formación de docentes - América Latina |
| 690 ## - PUNTO DE ACCESO ADICIONAL DE MATERIA LOCAL--TÉRMINO DE MATERIA (OCLC, RLIN) |
| Término de materia o nombre geográfico como elemento inicial |
América Latina - Formación de docentes - Desarrollo rural |
| 710 2# - ASIENTO SECUNDARIO - NOMBRE CORPORATIVO |
| Nombre de entidad corporativa o nombre de jurisdicción como elemento de entrada |
OREALC. |
| Unidad subordinada |
Oficina Regional de Educación de la UNESCO para América Latina y el Caribe. |
| 905 ## - TIPO DE MATERIAL |
| Tipo de material |
UNESCO |